MARC

LEADER 00000nam0a2200000 4500
001 312344
005 20231102002457.0
035 |a (RuTPU)RU\TPU\book\337712 
090 |a 312344 
100 |a 20151221d1981 m y0rusy50 ca 
101 0 |a rus 
102 |a RU 
105 |a a j 001zy 
200 1 |a Проектирование цехов электролитического рафинирования и получения тяжелых цветных металлов  |e учебное пособие  |f Б. П. Юрьев  |g Ленинградский политехнический институт им. М. И. Калинина (ЛПИ) 
210 |a Ленинград  |c Изд-во ЛПИ  |d 1981 
215 |a 76 с.  |c ил. 
320 |a Библиогр.: с. 76 
606 1 |a Цветные металлы, тяжелые  |x Рафинирование  |2 stltpush  |3 (RuTPU)RU\TPU\subj\17906  |9 43462 
610 1 |a электролитическое рафинирование 
610 1 |a цеха 
610 1 |a проектирование 
610 1 |a электролизные установки 
610 1 |a электролизные ванны 
610 1 |a медь 
610 1 |a цинк 
610 1 |a никель 
610 1 |a получение 
610 1 |a учебные пособия 
675 |a 669.3/.6(075.8)  |v 4 
700 1 |a Юрьев  |b Б. П.  |g Борис Петрович 
712 0 2 |a Ленинградский политехнический институт им. М. И. Калинина (ЛПИ)  |c (1924-1930, 1940-1990)  |2 stltpush  |3 (RuTPU)RU\TPU\col\2601 
801 1 |a RU  |b 63413507  |c 20151221 
801 2 |a RU  |b 63413507  |c 20191004  |g RCR 
942 |c BK